00593nam a22001697a 4500003000900000008004100009040007100050082002900121100002000150245003700170260003700207300005000244505009500294650001100389650001300400650001000413AR-CdUCM190416b           ||||| |||| 00| 0 spa d  aMUNICIPALIDAD PROVINCIAL DEL CUSCOcBIBLIOTECA MUNICIPAL DEL CUSCO  aC / 985.61 /bV61 / 1941  aVidal, Humberto  aGuía del Cuzco para turistas /  aCuzco :bRozas sucesores,c1941.  a86 páginas ;c13 cm.bIlustraciones, mapas.  aContenido : Introducción -- Cuzco -- Pasión del Cuzco --Llamamiento -- La catedral ...  aGuía  aTuristas  aCuzco